Semiconductor devices / (Record no. 592574)
[ view plain ]
| 000 -LEADER | |
|---|---|
| fixed length control field | 00641nam a22001697a 4500 |
| 003 - CONTROL NUMBER IDENTIFIER | |
| control field | NUST |
| 020 ## - INTERNATIONAL STANDARD BOOK NUMBER | |
| International Standard Book Number | 041258770X |
| 082 ## - DEWEY DECIMAL CLASSIFICATION NUMBER | |
| Classification number | 621.38152,SPA |
| 100 ## - MAIN ENTRY--PERSONAL NAME | |
| Personal name | Sparkes, J.J. |
| 9 (RLIN) | 103970 |
| 245 ## - TITLE STATEMENT | |
| Title | Semiconductor devices / |
| Statement of responsibility, etc. | J.J.Sparkes, |
| 250 ## - EDITION STATEMENT | |
| Edition statement | 2nd edition |
| 260 ## - PUBLICATION, DISTRIBUTION, ETC. | |
| Place of publication, distribution, etc. | Chapman & Hall |
| Name of publisher, distributor, etc. | New York |
| Date of publication, distribution, etc. | 1994 |
| 300 ## - PHYSICAL DESCRIPTION | |
| Extent | 224 p |
| 505 ## - FORMATTED CONTENTS NOTE | |
| Formatted contents note | Semiconductors and application of semiconductor devices (Page-1), p-n junction diodes (Page-44), Fiedl effect transistor (Page-101), Bipolar junction transistor (Page-129), Integrated circuits (Page-173), New technologies (Page-189), |
| 650 ## - SUBJECT ADDED ENTRY--TOPICAL TERM | |
| Topical term or geographic name entry element | Semiconductor devices |
| 9 (RLIN) | 56062 |
| 942 ## - ADDED ENTRY ELEMENTS (KOHA) | |
| Source of classification or shelving scheme | |
| Koha item type | Book |
| Withdrawn status | Lost status | Source of classification or shelving scheme | Damaged status | Not for loan | Permanent Location | Current Location | Shelving location | Date acquired | Total Checkouts | Full call number | Barcode | Date last seen | Price effective from | Koha item type | Public note |
|---|---|---|---|---|---|---|---|---|---|---|---|---|---|---|---|
| Military College of Signals (MCS) | Military College of Signals (MCS) | General Stacks | 12/02/2022 | 621.38152,SPA | MCS5694 | 12/02/2022 | 12/02/2022 | Book | Almirah No.33, Shelf No.6 |
